000 00660nam a2200277Ia 4500
005 20260324112541.0
008 008 260324s9999 xx 000 0 eng d
020 _a9781003360131
037 _aEBOOK
040 _aCRL
040 _beng
040 _cCRL
041 _2eng
041 _aeng
084 _qCRL
100 _aHans van Kranenburg; Sjors Witjes
_91143162
245 0 _aOrganizing the Dutch Energy Transition
260 _bTaylor and Francis
260 _c2024
365 _a
365 _b230
856 _uhttp://www.taylorfrancis.com/books/9781003360131
942 _cEBOOK
999 _c1732413
_d1732413